| 000 | 00515cam a22001457a 4500 | ||
|---|---|---|---|
| 008 | 180718b1992 xxu||||| |||| 00| 0 eng d | ||
| 082 | _aAPPPA 91-92 SRI | ||
| 100 | _aSrivastava, Roli | ||
| 245 |
_aAgricultural research through international cooperation: the Indian experience _cby Roli Srivastava |
||
| 260 |
_aNew Delhi _bIndian Institute of Public Administration _c1992 |
||
| 300 | _a204p. | ||
| 650 | _aCollaborative modes | ||
| 650 | _aInternational cooperation | ||
| 650 | _aAgricultural research system-India | ||
| 999 |
_c501576 _d501576 |
||